000 00786nam a2200217 a 4500
008 120416s1987 ||||||||||||||||| || u
020 _a0521314224
050 _aQA 76.9.C65 Mit
100 _aMitrani, I
245 1 0 _aModelling of computer and communication systems
260 _aCambridge
_bCambridge University Press
_c1987
300 _avii, 192p. : ill.
350 _a0.00
490 _aCambridge computer science texts
490 _v24
500 _aBibliography: p. [189]-190.
650 _aCOMPUTING
650 _aDIGITAL COMPUTER SIMULATION
650 _aTelecommunication systems - Mathematical models
995 _D0.00
_FCBU-MAIN LIBRARY (Kitwe)
_H1
_I13.95
_M1
_UAVAILABLE
_ZMain Library Open Access Collection
999 _c51387
_d51387